000 00956nam a2200253Ia 4500
003 OSt
005 20220923224622.0
006 a|||||r|||| 00| 0
007 ta
008 220922b |||||||| |||| 00| 0 san d
024 _a247,882
037 _cTextual
040 _aARTS
_cARTS
_bsan
041 _2san
_asan
082 _aO15,2D80:g, 15[N4]
100 _aमिश्र, ठक्कन; भट्टनारायण
_9168146
245 0 _aवेणीसंहार - नाटक
_b समालोचनात्मक अध्ययन
246 _aVeṇīsanhār - nāṭaka: samālochanātmak adhyayana
260 _aआगरा
_b शब्दश्री प्रकाशन
_c1994
300 _a276पृ0
_ccm.
650 _aसंस्कृत साहित्य
942 _hO15,2D80:g, 15[N4]
_cTEXL
_2CC
999 _c372561
_d372561